000 02996nam0a2200373 4500
001 RU\NLR\BIBL_A\022589591
005 20260510063307.0
010 _a978-5-7904-2908-8
_9100
021 _aRU
_bКН-П-25-031884
_9КН-П-25-3154
035 _a(NLR Aleph) 022589591
090 _a13679065
_c13679065
100 _a20250723d2024 u y0rusy50 ca
101 0 _arus
102 _aRU
105 _aа|||z|||100yy
181 0 _ai3
_baxxe
182 0 _an
200 1 _aНовые материалы и технологии
_eсборники научных статей XII Российско-Казахстанской молодежной научно-технической конференции, Барнаул, 16 декабря 2024 г.
_fМинистерство науки и высшего образования Российской Федерации, Алтайский государственный университет, Восточно-Казахстанский государственный университет им. С. Аманжолова, Восточно-Казахстанский государственный технический университет им. Д. Серикбаева
_gредакционная коллегия: В. В. Поляков, д.ф.-м.н., профессор, В. А. Плотников, д.ф.-м.н., профессор
203 _aТекст
_bвизуальный
_cнепосредственный
210 _aБарнаул
_cИзд-во Алтайского государcтвенного университета
_d2024
215 _a96 с.
_cил., табл.
_d21
320 _aБиблиогр. в конце ст.
606 1 _aМатериалы
_jСъезды, совещания и т.п
_91160413
_3RU\NLR\AUTH\66146572
606 1 _aТехнологические процессы
_jСъезды, совещания и т.п
_91963949
_3RU\NLR\AUTH\66899282
686 1 _aЖ3я431
686 1 _aЖ6я431
702 1 _4340
_aПоляков
_bВ. В.
_cд-р физ.-мат. наук
_f1949-
_gВиктор Владимирович
_9173
_3RU\NLR\AUTH\7717083
711 1 2 _a"Новые материалы и технологии", российско-казахстанская молодежная научно-техническая конференция
_d12
_eБарнаул
_f2024
_92674383
_3RU\NLR\AUTH\880630189
712 0 2 _4475
_aАлтайский государственный университет
_cБарнаул
_3RU\NLR\AUTH\889921403
_9338928
712 0 2 _4570
_aВосточно-Казахстанский государственный университет им. С. Аманжолова
_cУсть-Каменогорск
_9498777
_3RU\NLR\AUTH\880416837
942 _cBOOK
980 _aNB